000
00442nam a2200133Ia 4500
008
100328s9999 xx 000 0 und d
082
_b
61084
100
_a
घाणेकर माुसूदन.
245
_a
देह सांगे स्वभाव.
260
_b
इंद्रायणी.
630
_a
देह सांगे स्वभाव.
730
_a
देह सांगे स्वभाव.
942
_c
BOOK
999
_c
547189
_d
547186